000 01563cam a2200445 i 4500
001 124277
005 20230410103836.0
008 130517s2013 sp ab 000 0 spa
010 _a2013434832
020 _a9788408006893
035 _a(SP-BaPL)pu130554418
040 _aDLC
_beng
_cDLC
_erda
_dDLC
042 _apcc
043 _aa-cc---
050 1 4 _a408 DS 779.26
_bT153c 2013
100 1 _aTamames, Ramón,
_d1933-
245 1 0 _aChina, tercer milenio :
_bel dragón omnipotente /
_cRamón Tamaes, Felipe Debasa.
250 _aPrimera edición.
264 1 _aBarcelona :
_bPlaneta,
_c2013.
300 _axliii, 483 pages :
_billustrations, maps ;
_c23 cm
336 _atext
_2rdacontent
337 _aunmediated
_2rdamedia
338 _avolume
_2rdacarrier
651 0 _aChina
_xPolitics and government
_y1976-2002.
651 0 _aChina
_xPolitics and government
_y2002-
651 0 _aChina
_xForeign relations
_y1976-
651 0 _aChina
_xEconomic conditions
_y2000-
651 0 _aChina
_xForeign economic relations.
651 4 _aChina
_xPolítica y gobierno
_y1976-2002.
651 4 _aChina
_xPolítica y gobierno
_y2000-
651 4 _aChina
_xRelaciones extranjeras
_y1976-
651 4 _aChina
_xCondiciones económicas
_y1976-2000.
651 4 _aChina
_xRelaciones económicas exteriores.
700 1 _aDebasa Navalpotro, Felipe R.
856 4 2 _3Publisher description
_uhttp://www.loc.gov/catdir/enhancements/fy1404/2013434832-d.html
923 _d20131024
_n188358
_sSP-BaPL
942 _2lcc
_cbk
946 _almd
985 _eVENDOR LOAD
999 _c26904
_d26904